Sports Quiz

Random Sports or NBA Quiz

ROSTERS FOR 1986 NBA FINALS (CELTICS VS ROCKETS) Quiz Stats

 Plays Quiz not verified by Sporcle

Score 0/24 Timer 06:00
0 Plays Today
Hint Answer % Correct
Celtics - CRobert Parish
98%
Celtics - FLarry Bird
96.9%
Celtics - FKevin Mchale
96.9%
Celtics - GDennis Johnson
92.9%
Rockets - CHakeem Olajuwon
92.9%
Celtics - GDanny Ainge
91.8%
Rockets - FRalph Sampson
87.8%
Celtics - CBill Walton
82.7%
Celtics - CGreg Kite
43.9%
Celtics - GJerry Sichting
41.8%
Rockets - GRobert Reid
41.8%
Celtics - FScott Wedman
38.8%
Hint Answer % Correct
Rockets - FRodney McCray
32.7%
Celtics - GRick Carlisle
29.6%
Rockets - GAllan Leavell
25.5%
Rockets - GLewis Lloyd
24.5%
Rockets - GMitchell Wiggins
19.4%
Celtics - GSam Vincent
16.3%
Rockets - CJim Petersen
16.3%
Celtics - FDavid Thirdkill
13.3%
Rockets - GSteve Harris
12.2%
Rockets - GCraig Ehlo
12.2%
Rockets - CGranville Waiters
12.2%
Rockets - FHank Mcdowell
2%

You're not logged in!

Compare scores with friends on all Sporcle quizzes.
OR
Log In

Show Comments

Extras

Top Quizzes Today


Score Distribution

Your Account Isn't Verified!

In order to create a playlist on Sporcle, you need to verify the email address you used during registration. Go to your Sporcle Settings to finish the process.

Report this User

Report this user for behavior that violates our Community Guidelines.

Details: